zpět

Detail výsledku týmu

Na Koupáku, Jeseník

Datum a čas kvízu

38.5 Celkem bodů Celkový počet nahraných bodů na tomto kvízu bez doplňovacích otázek.
2. Pořadí na kvízu Konečné umístění týmu na tomto kvízu.

Zaznamenané odpovědi

# Otázka Odpověď Body Výsledky
1. Jistý poslanec za SPD minulý t... Radek Koten 1
2. Pokutami v celkové výši přes 3... Donald Trump 1
3. Minulý týden v úterý oslavil p... Robbie Williams 1
4. Nadnárodní gigant na poli výro... Nike 1
5. Který norský sportovec získal... Johannes Bö 1
6. Obec s nejdelším názvem v Česk... A 0
7. Česká republika hraničí se čty... 1D 2B 3C 4A 1
8. Nejvýše položená železniční st... Kubova 1
9. Nejsevernější obec Česka se jm... C 1
10. V České republice jsou čtyři ú... NP Šumava 1